000 00880nam a2200217Ia 4500
003 Ost
005 20260507074900.0
008 260507s9999||||xx |||||||||||||| ||und||
040 _cfsecg
041 _aara
082 _a658.5
100 _aأبو ناصر، عتاب أحمد
_eمؤلف
245 0 _aنظرية التوزيع /
_c عتاب أحمد أبو ناصر
260 _aعمان:
_bمكتبة المجتمع العربي للنشر;أجنادين للنشر والتوزيع,
_c2007
300 _a150 صفحة؛
_bإيضاحات ؛
_c25 سم
504 _aببليوغرافيا: ص. 135
520 _aالتعريف بنظرية التوزيع، تحديد أثمان خدمات عناصر الإنتاج وحكمها في الفقه الإسلامي
653 _aإدارة الإنتاج
653 _aالإقتصاد الإسلامي
942 _cكتاب
999 _c41647
_d41647